Vplyv inovácií na konkurencieschopnosť malých podnikov

Stanovenie miery inovácie v malých podnikoch. Vplyv inovácií na konkurencieschopnosť.

Uložené v:
Podrobná bibliografia
Hlavný autor: Ďurechová, Mária
Médium: Kapitola
Jazyk:Slovak
Predmet:
Tagy: Pridať tag
Žiadne tagy, Buďte prvý, kto otaguje tento záznam!

MARC

LEADER 00000naa a2200000 4500
001 0124518
005 20220715093352.8
041 0 |a slo 
044 |a SK 
245 1 0 |a Vplyv inovácií na konkurencieschopnosť malých podnikov  |c Mária Ďurechová 
520 |a Stanovenie miery inovácie v malých podnikoch. Vplyv inovácií na konkurencieschopnosť. 
610 2 0 |a podnik malý 
610 2 0 |a konkurencieschopnosť 
610 2 0 |a prieskum štatistický 
610 2 0 |a stratégia inovačná 
100 1 |a Ďurechová, Mária